| 000 | 00640nam a2200217 a 4500 | ||
|---|---|---|---|
| 999 |
_c1369 _d1369 |
||
| 001 | 1369 | ||
| 003 | BD-JhCC | ||
| 005 | 20171018174548.0 | ||
| 008 | 171018s1986 bg |||| ||a| 000 0 ben d | ||
| 035 | _a(BD-JhCC)1369 | ||
| 040 |
_aBD-JhCC _dBD-JhCC |
||
| 041 | _aben | ||
| 082 |
_a891.443 _bVOT 1986 |
||
| 100 | _aভট্টাচার্য, নিমাই | ||
| 245 |
_aলেটার বক্স / _cনিমাই ভট্টাচার্য, |
||
| 260 |
_aঢাকা : _bআগমনী প্রকাশনী, _c1986 |
||
| 300 |
_a99 p.; _c 24 cm. |
||
| 650 | _aBengali Novel | ||
| 942 |
_2ddc _cBK |
||